| 000 | 01769nam0a2200373 4500 | ||
|---|---|---|---|
| 001 | RU\NLR\bibl\1410749 | ||
| 005 | 20250615211413.0 | ||
| 010 |
_a978-5-7017-1383-1 _91500 |
||
| 021 |
_aRU _b2009-54489 _93361 |
||
| 035 | _a(nilc)RSL-KNO-004351765 | ||
| 035 | _a(NLR Aleph) 001402730 | ||
| 090 |
_a1232715 _c1232715 |
||
| 100 | _a20090629d2008 |||y0rusy50 ca | ||
| 101 | 0 | _arus | |
| 102 | _aRU | ||
| 105 | _aa zzzz||||| | ||
| 200 | 1 |
_aИнформационное обеспечение регионального вуза физической культуры и спорта _eмонография _fХомподоева М. В. _gФедеральное агентство по физ. культуре и спорту Российской Федерации, ФГОУ ВПО "Чурапчинский гос. ин-т физ. культуры и спорта" |
|
| 210 |
_aМосква _cДиона _d2008 |
||
| 215 |
_a138 с. _cил., табл. _d21 |
||
| 320 | _aБиблиогр.: с. 107-122 (180 назв.) | ||
| 606 | 1 |
_aСтуденты _xИнформационная культура _92506177 _3RU\NLR\auth\661486065 |
|
| 606 | 1 |
_aВысшие учебные заведения физической культуры, спорта и туризма _xПреподавание _xИнформационные технологии _92538658 _3RU\NLR\auth\661503140 |
|
| 686 |
_aЧ51ф(2Р),0 _2rubbk |
||
| 686 | _aЧ481.43 | ||
| 686 | _aЧ489.531.231.1 | ||
| 700 | 1 |
_aХомподоева _bМ. В. _gМария Васильевна _4070 |
|
| 801 | 0 |
_aRU _bРКП _c20090629 _grcr |
|
| 801 | 1 |
_aRU _bРГБ _c20090629 |
|
| 801 | 2 |
_aRU _bNLR _c20090911 _grcr |
|
| 830 | _aавт. по эк | ||
| 942 | _cBOOK | ||
| 980 | _aNB | ||